000 00403nam a2200145Ia 4500
005 20251222153640.0
008 251222s9999||||xx |||||||||||||| ||spa||
020 _a9786124631931
082 _a370/N59
100 _aNinahuanaca AbregĂș, JosĂ© Antonio
245 0 _aRazones Culturales de la Sociedad Peruana I:
250 _a1ra. ed.
264 _bEditorial Paradiso de Carlos Tolentino
942 _cLIB
999 _c32709
_d32709